000 00587nam a2200169 a 4500
001 000042341
005 20201002040106.0
008 131127s2012 xxua r 000 0 spa d
020 _a9781578376890
020 _a9781578376971
040 _aDO-SdBNP
_bspa
_cBNPHU
082 _axxxx
_bxxxx
245 0 0 _aMatemática en contexto I y II :
_bmanual de referencia.
260 _aTexas, Estados Unidos :
_bCord Communications,
_c2012.
300 _a119 p. :
_bil. ;
_c28 cm.
500 _aDesarrollado por CORD, adaptado para el "Proyecto Educación Media Técnica - REACT" República Dominicana
999 _c41830
_d41830